000 01031nas a2200361 4500
001 BR2020000717
003 BR-BrBNA
005 20231205132057.0
007 ta
008 230509b bl.|||p| |||| 00| 00por d
040 _aBR-BrBNA
_bpor
_cBiblioteca Nacional de Agricultura
041 _a(Pt)
072 _aJ11; H10
100 1 _aFischer, I.H.
100 1 _aSpósito, M.B.
100 1 _aLourenço, S. de A.
100 1 _aAmorim, L.
245 1 _aDanos de pragas em frutos cítricos amostrados em packinghouses paulistas
650 _aCITRICULTURA
650 _aENTOMOLOGIA
650 _aCITRUS SINENSIS
650 _aSELENASPIDUS ARTICULATUS
650 _aTANGOR MURCOTT
650 _aPRAGA DE PLANTA
650 _aCOCHONILHA
650 _aFRUTA CÍTRICA
650 _aLARANJA DOCE
650 _aBENEFICIAMENTO
650 _aARMAZENAMENTO
773 0 _tLaranja (Brazil)
_xISSN 0102-1907
_g(2009), v.30(1-2) p. 1-12
_wBR2020000717
909 _a202311
_bLúcia
_c55
_dLúcia Elande
942 _2AGRIS
_n0
_cANA
999 _c258334
_d258334